000
00315cam a2200145ua 4500
001
2577
008
131127n II |||gr||||Z||||||asm
040
_a
MAIN
041
_a
English
082
_a
891.451 DEK
100
_a
DEKA , MAHES KUMAR.
245
_a
SWAHID SURUROWANI
653
_a
Asomiya Sahitya
942
_c
BK
999
_c
2571
_d
2571